<?xml version="1.0" encoding="UTF-8"?><?xml-stylesheet type="text/xsl" href="static/style.xsl"?><OAI-PMH xmlns="http://www.openarchives.org/OAI/2.0/" xmlns:xsi="http://www.w3.org/2001/XMLSchema-instance" xsi:schemaLocation="http://www.openarchives.org/OAI/2.0/ http://www.openarchives.org/OAI/2.0/OAI-PMH.xsd"><responseDate>2026-06-01T23:56:07Z</responseDate><request verb="GetRecord" identifier="oai:riuma.uma.es:10630/34784" metadataPrefix="marc">https://riuma.uma.es/rest/oai/request</request><GetRecord><record><header><identifier>oai:riuma.uma.es:10630/34784</identifier><datestamp>2026-02-03T11:10:54Z</datestamp><setSpec>com_10630_2254</setSpec><setSpec>col_10630_37953</setSpec></header><metadata><record xmlns="http://www.loc.gov/MARC21/slim" xmlns:dcterms="http://purl.org/dc/terms/" xmlns:doc="http://www.lyncode.com/xoai" xmlns:xsi="http://www.w3.org/2001/XMLSchema-instance" xsi:schemaLocation="http://www.loc.gov/MARC21/slim http://www.loc.gov/standards/marcxml/schema/MARC21slim.xsd">
   <leader>00925njm 22002777a 4500</leader>
   <datafield ind2=" " ind1=" " tag="042">
      <subfield code="a">dc</subfield>
   </datafield>
   <datafield ind2=" " ind1=" " tag="720">
      <subfield code="a">Corpas-Pastor, Gloria</subfield>
      <subfield code="e">author</subfield>
   </datafield>
   <datafield ind2=" " ind1=" " tag="720">
      <subfield code="a">Noriega-Santiáñez, Laura</subfield>
      <subfield code="e">author</subfield>
   </datafield>
   <datafield ind2=" " ind1=" " tag="260">
      <subfield code="c">2024-09-02</subfield>
   </datafield>
   <datafield ind2=" " ind1=" " tag="520">
      <subfield code="a">In the digital era, the (r)evolution of neural machine translation (NMT) has reshaped both the market and translators’ workflow. However, the adoption of this technology has not fully reached the creative field of literary translation. Against this background, this study aims to explore to what extent NMT systems can be used to translate the creative challenges posed by idioms, specifically manipulated multiword expressions (MWEs) found in literary texts. To carry out this pilot study, five manipulated MWEs were selected from a fantasy novel and machine-translated (English > Spanish) by four NMT systems (DeepL, Google Translate, Bing Translator, and Reverso). Then, each NMT output as well as a human translation are assessed by six professional literary translators by using a human evaluation sheet. Based on these results, the creativity obtained in each translation method was calculated. Despite the satisfactory performance of both DeepL and Google Translate, HT creativity was highly superior in almost all manipulated MWEs. To the best of our knowledge, this paper not only contributes to the ongoing study of NMT applied to literature, but it is also one of the few studies that delve into the almost unexplored field of assessing creativity in neural machine-translated MWEs.</subfield>
   </datafield>
   <datafield ind1="8" ind2=" " tag="024">
      <subfield code="a">Corpas Pastor, G.; Noriega-Santiáñez, L. Human versus Neural Machine Translation Creativity: A Study on Manipulated MWEs in Literature. Information 2024, 15, 530. https://doi.org/10.3390/info15090530</subfield>
   </datafield>
   <datafield ind1="8" ind2=" " tag="024">
      <subfield code="a">https://hdl.handle.net/10630/34784</subfield>
   </datafield>
   <datafield ind1="8" ind2=" " tag="024">
      <subfield code="a">10.3390/info15090530</subfield>
   </datafield>
   <datafield tag="653" ind2=" " ind1=" ">
      <subfield code="a">Literatura - Traducción automática</subfield>
   </datafield>
   <datafield ind2="0" ind1="0" tag="245">
      <subfield code="a">Human versus Neural Machine Translation Creativity: A Study on Manipulated MWEs in Literature.</subfield>
   </datafield>
</record>
</metadata></record></GetRecord></OAI-PMH>